Process integration and intensification : (Record no. 19054)
[ view plain ]
| 000 -LEADER | |
|---|---|
| fixed length control field | 00904cam a22002658i 4500 |
| 001 - CONTROL NUMBER | |
| control field | 17882833 |
| 005 - DATE AND TIME OF LATEST TRANSACTION | |
| control field | 20161219103059.0 |
| 008 - FIXED-LENGTH DATA ELEMENTS--GENERAL INFORMATION | |
| fixed length control field | 130911t2014 gw a frb 001 0 eng d |
| 020 ## - INTERNATIONAL STANDARD BOOK NUMBER | |
| International Standard Book Number | 9783110306644 |
| 040 ## - CATALOGING SOURCE | |
| Original cataloging agency | DLC |
| Language of cataloging | eng |
| Transcribing agency | DLC |
| Modifying agency | DLC |
| -- | EG-ScBUE |
| 082 04 - DEWEY DECIMAL CLASSIFICATION NUMBER | |
| Classification number | 660 |
| Edition number | 22 |
| Item number | PRO |
| 245 00 - TITLE STATEMENT | |
| Title | Process integration and intensification : |
| Remainder of title | saving energy, water and resources / |
| Statement of responsibility, etc | Klemeš ... [et al.] |
| 260 ## - PUBLICATION, DISTRIBUTION, ETC. (IMPRINT) | |
| Place of publication, distribution, etc | Berlin ; |
| -- | Boston : |
| Name of publisher, distributor, etc | De Gruyter, |
| Date of publication, distribution, etc | c.2014. |
| 300 ## - PHYSICAL DESCRIPTION | |
| Extent | xiii, 252 p. : |
| Other physical details | ill. ; |
| Dimensions | 24 cm. |
| 500 ## - GENERAL NOTE | |
| General note | Index : p. [249]-252. |
| 504 ## - BIBLIOGRAPHY, ETC. NOTE | |
| Bibliography, etc | Includes bibliographical references. |
| 650 #7 - SUBJECT ADDED ENTRY--TOPICAL TERM | |
| Topical term or geographic name as entry element | Chemical processes. |
| Source of heading or term | BUEsh |
| 9 (RLIN) | 5532 |
| 650 #7 - SUBJECT ADDED ENTRY--TOPICAL TERM | |
| Topical term or geographic name as entry element | Chemical industry |
| General subdivision | Energy conservation. |
| Source of heading or term | BUEsh |
| 650 #7 - SUBJECT ADDED ENTRY--TOPICAL TERM | |
| Topical term or geographic name as entry element | Chemical industry |
| General subdivision | Waste minimization. |
| Source of heading or term | BUEsh |
| 651 ## - SUBJECT ADDED ENTRY--GEOGRAPHIC NAME | |
| Source of heading or term | BUEsh |
| 653 ## - INDEX TERM--UNCONTROLLED | |
| Resource For college | Engineering, Electrical |
| Arrived date list | March2015 |
| 653 ## - INDEX TERM--UNCONTROLLED | |
| Resource For college | Engineering, Chemical |
| Arrived date list | December2016 |
| 700 1# - ADDED ENTRY--PERSONAL NAME | |
| Personal name | Klemeš, Jiří Jaromír. |
| 942 ## - ADDED ENTRY ELEMENTS (KOHA) | |
| Source of classification or shelving scheme | Dewey Decimal Classification |
| Withdrawn status | Item status | Source of classification or shelving scheme | Damaged status | Not for loan | Vendor | Home library | Current library | Shelving location | Date acquired | Source of acquisition | Total Checkouts | Total Renewals | Full call number | Barcode | Date last seen | Date last borrowed | Koha item type | Cost, normal purchase price |
|---|---|---|---|---|---|---|---|---|---|---|---|---|---|---|---|---|---|---|
| Dewey Decimal Classification | Baccah | Central Library | Central Library | First floor | 17/03/2015 | Purchase | 2 | 1 | 660 PRO | 000037622 | 15/07/2025 | 30/12/2019 | Book - Borrowing | |||||
| Dewey Decimal Classification | Baccah | Central Library | Central Library | First floor | 19/12/2016 | Purchase | 660 PRO | 000040488 | 15/07/2025 | Book - Borrowing | 960.00 | |||||||
| Dewey Decimal Classification | Baccah | Central Library | Central Library | First floor | 19/12/2016 | Purchase | 1 | 1 | 660 PRO | 000040489 | 15/07/2025 | 30/12/2019 | Book - Borrowing | 960.00 |